UM Logo

Introduction to basic nursing research : (Record no. 2191)

MARC details
000 -LEADER
fixed length control field 00641nam a22001697a 4500
008 - FIXED-LENGTH DATA ELEMENTS--GENERAL INFORMATION
fixed length control field 160430b xxu||||| |||| 00| 0 eng d
020 ## - INTERNATIONAL STANDARD BOOK NUMBER
International Standard Book Number 9-71513181-6
082 ## - DEWEY DECIMAL CLASSIFICATION NUMBER
Edition number 2005
Classification number DFil 610.7
Item number Asp6i
100 ## - MAIN ENTRY--PERSONAL NAME
9 (RLIN) 7145
Personal name Asperas, Carlito Manalaysay
245 ## - TITLE STATEMENT
Title Introduction to basic nursing research :
Remainder of title trends, methods, and applications, a text-workbook/
Statement of responsibility, etc. Carlito Manalaysay Asperas.
260 ## - PUBLICATION, DISTRIBUTION, ETC. (IMPRINT)
Place of publication, distribution, etc. Manila :
Name of publisher, distributor, etc. Educational Publishing House,
Date of publication, distribution, etc. c2005.
300 ## - PHYSICAL DESCRIPTION
Extent xvii, 258 pages ;
Dimensions 28 cm.
500 ## - GENERAL NOTE
General note Includes bibliography, appendix and glossary.
650 #0 - SUBJECT ADDED ENTRY--TOPICAL TERM
9 (RLIN) 7146
Topical term or geographic name as entry element Nursing research
General subdivision Methodology
365 ## - TRADE PRICE
Price amount 350.00
Currency code Php
942 ## - ADDED ENTRY ELEMENTS (KOHA)
Source of classification or shelving scheme Dewey Decimal Classification
Koha item type Filipiniana
Holdings
Withdrawn status Lost status Source of classification or shelving scheme Damaged status Not for loan Collection code Home library Current library Date acquired Source of acquisition Total Checkouts Full call number Barcode Date last seen Copy number Cost, replacement price Price effective from Koha item type
    Dewey Decimal Classification     Filipiniana UM Digos College - LIC UM Digos College - LIC 11/10/2005 Purchased   DFil 610.7 Asp6i 2005 18344 06/08/2021 1 350.00 04/30/2016 Filipiniana
    Dewey Decimal Classification     Filipiniana UM Digos College - LIC UM Digos College - LIC 11/10/2005 Purchased   DFil 610.7 Asp6i 2005 18345 06/08/2021 2 350.00 04/30/2016 Filipiniana